00875nam a2200253 i 450000100060000000300090000600500170001500700030003200800410003502000180007608000290009408000230012310000280014624500810017425000120025526000320026730000220029950400320032160000410035365100550039485200330044999900170048295201220049994109ES-MaACL20250603184301.0t|050621s2004 sp ||||1| spa d a84-03-09422-1 a32 Aznar, José María a32(460)"1996/2004"1 aTusell, Javier.911176713aEl aznarato b: el gobierno del Partido Popular 1996-2003 / cJavier Tusell. a1ª ed. aMadrid : bAguilar, c2004. a386 p. ; c24 cm. aBibliografía: p. 379-386.14aAznar, José María,d1953-924301 4aEspaña-xPolítica y gobierno-y1996-200498450 aES-MaACLjL-29187 bR.135777 c94109d94109 00104070aATENEOMbATENEOMcDEPO2d2008-01-17eSCl0oL-29187p1098289r2023-02-23 00:00:00w2023-02-23yMONOGRAFIA